Solid state electronic devices / (Record no. 87596)

MARC details
000 -LEADER
fixed length control field 00713nam a22002297a 4500
005 - DATE AND TIME OF LATEST TRANSACTION
control field 20140826145716.0
010 ## - LCCN (DPL NO)
LC control number ENG-110602
020 ## - INTERNATIONAL STANDARD BOOK NUMBER
International Standard Book Number 9788120350007
Terms of availability 495.00
035 ## - SYSTEM CONTROL NUMBER
System control number EN-94134
037 ## - SOURCE OF ACQUISITION
Source of stock number/acquisition DBAD/PUB
082 ## - DEWEY DECIMAL CLASSIFICATION NUMBER
Classification number 621.38152
100 ## - MAIN ENTRY--PERSONAL NAME
Personal name Streetman, Ben G.
245 ## - TITLE STATEMENT
Title Solid state electronic devices /
Statement of responsibility, etc by Ben G. Streetman [and] Sanjay Kumar Banerjee
250 ## - EDITION STATEMENT
Edition statement 7th ed
260 ## - PUBLICATION, DISTRIBUTION, ETC. (IMPRINT)
Place of publication, distribution, etc Delhi
Name of publisher, distributor, etc PHI Learning
Date of publication, distribution, etc 2014
270 ## - ADDRESS
Address Rimjhim House, 111, Patparganj Industrial Estate
City Delhi
Postal code 110092
300 ## - PHYSICAL DESCRIPTION
Extent xviii,596p. :
Dimensions 25cm(pbk)
Other physical details ill.
500 ## - GENERAL NOTE
General note Includes index
650 ## - SUBJECT ADDED ENTRY--TOPICAL TERM
Topical term or geographic name as entry element Semiconductors.
700 ## - ADDED ENTRY--PERSONAL NAME
Personal name Banerjee, Sanjay Kumar
942 ## - ADDED ENTRY ELEMENTS (KOHA)
Source of classification or shelving scheme Dewey Decimal Classification
Item type English Books
Call number suffix STR
Classification part 621.38152
Holdings
Withdrawn status Lost status Not for loan Collection code Home library Current library Date acquired Source of acquisition Cost, normal purchase price Full call number Barcode Copy number Cost, replacement price Koha item type
    Not For Loan Non-fiction D.B.Act.Division D.B.Act.Division 05/08/2014 DBAD/PUB 495.00 621.38152 STR EN-94134 1 495.00 English Books

© Delhi Public Library
Hit Counter
free hit counter